|
|
|
|
| LEADER |
01249nam a2200409 4500 |
| 001 |
DLU090097461 |
| 005 |
##20091201 |
| 040 |
# |
# |
|a DLU
|b eng
|
| 041 |
# |
# |
|a eng
|
| 044 |
# |
# |
|a us
|
| 245 |
# |
# |
|a PVC membrane and coated graphite potentiometric sensors based on Et4todit for selective determination of samarium(III) /
|c Mojtaba Shamsipur ... [et al.].
|
| 653 |
# |
# |
|a Complexation
|
| 653 |
# |
# |
|a Dithione
|
| 653 |
# |
# |
|a Electrochemical titration
|
| 653 |
# |
# |
|a Graphite
|
| 653 |
# |
# |
|a Ion selective electrode
|
| 653 |
# |
# |
|a Polymeric membrane
|
| 653 |
# |
# |
|a Potentiometry
|
| 653 |
# |
# |
|a Water
|
| 700 |
# |
# |
|a Alizadeh, Kamal.
|
| 700 |
# |
# |
|a Arca, Massimiliano.
|
| 700 |
# |
# |
|a Ganjali, Mohammad Reza.
|
| 700 |
# |
# |
|a Hosseini, Morteza.
|
| 700 |
# |
# |
|a Lippolis, Vito.
|
| 700 |
# |
# |
|a Mousavi, Mir Fazlollah.
|
| 700 |
# |
# |
|a Shamsipur, Mojtaba.
|
| 700 |
# |
# |
|a Talebpour, Zahra.
|
| 773 |
# |
# |
|t Analytical Chemistry
|g Vol. 75, no. 21 (November 2003), p. 5680-5686
|
| 920 |
# |
# |
|a Phòng Tạp chí -- Trung tâm Thông tin - Thư viện Trường Đại học Đà Lạt
|
| 994 |
# |
# |
|a DLU
|
| 900 |
# |
# |
|a True
|
| 911 |
# |
# |
|a Trương Bảo Trâm Anh
|
| 925 |
# |
# |
|a G
|
| 926 |
# |
# |
|a A
|
| 927 |
# |
# |
|a BB
|
| 980 |
# |
# |
|a Thư viện Trường Đại học Đà Lạt
|